000 00326nam a2200133Ia 4500
100 _aVarghese/C.D.
942 _cBK
654 _aelectroplating
245 _aElectroplating and other surface treatments:Practical guidep
260 _bTata Mc Graw hill
_c1993
082 _a671.732
_bVAR
300 _a199
546 _aENGLISH
999 _c31757
_d31757